| 000 | 01284 a2200385 4500 | ||
|---|---|---|---|
| 650 | 0 | 0 |
_aSmall business _zTurkey _xTurkey _931952 |
| 650 | 0 |
_aEnvironmental policy _zTurkey _916646 |
|
| 999 |
_c200421881 _d38860 |
||
| 001 | 200421881 | ||
| 003 | TR-AnTOB | ||
| 005 | 20250203155740.0 | ||
| 008 | 150424b tu 000 0 | ||
| 020 | _a9757250015 | ||
| 040 |
_aTR-AnTOB _btur _erda _cTR-AnTOB |
||
| 041 | 0 | _atur | |
| 050 | 0 | 0 |
_aHD2346.T8 _bT87 1994 |
| 090 | _aHD2346.T8 T87 1994 | ||
| 245 | 1 | 0 | _aTürkiye'de esnaf/sanatkâr kesimi ve çevre. |
| 264 |
_aAnkara : _bTürkiye Çevre Vakfı, _c1994. |
||
| 300 |
_a111 s. ; _btables. _c19 cm. |
||
| 336 |
_atext _2rdacontent |
||
| 337 |
_aunmediated _2rdamedia |
||
| 338 |
_avolume _2rdacarrier |
||
| 650 | 0 | 0 |
_aArtisans _zTurkey _9105859 |
| 650 | 0 | 0 |
_aIndustrial policy _xEnvironmental aspects _zTurkey _9105861 |
| 650 | 0 | 0 |
_aEsnaflar _zTürkiye _9105862 |
| 650 | 0 | 7 |
_aLoncalar _zTürkiye _2etuturkob _993909 |
| 650 | 0 | 0 |
_aGuilds _zTurkey _993910 |
| 650 | 0 | 0 |
_aEndüstri politikası _xÇevresel yönleri _zTürkiye _9105864 |
| 650 | 0 | 0 |
_aKüçük işletme _zTürkiye _991956 |
| 650 | 7 |
_aÇevre politikası _zTürkiye _2etuturkob _918783 |
|
| 710 | 2 |
_aFriedrich-Naumann-Stiftung _926395 |
|
| 710 | 2 |
_aTürkiye Çevre Vakfı _987107 |
|
| 942 |
_cBK _2lcc |
||